[Event "ESP tch Segunda División 2014"]
[Site "Linares ESP"]
[Date "2014.08.19"]
[Round "3.1"]
[White "Alvarez Fernandez, Enrique"]
[Black "Forcen Esteban, Daniel"]
[Result "1/2-1/2"]
[WhiteElo "2355"]
[BlackElo "2536"]
[PlyCount "152"]
[EventDate "2014.08.18"]
[EventType "team-swiss"]
[EventRounds "6"]
[EventCountry "ESP"]
[Source "lmi"]
[SourceDate "2014.08.18"]
[WhiteTeam "REAL GRUPO DE CULTURA COVADONGA"]
[BlackTeam "JAIME CASAS"]

1. d4 Nf6 2. Bg5 c5 3. Bxf6 gxf6 4. d5 Qb6 5. Qc1 f5 6. g3 Bg7 7. c3 d6 8. Bg2
Nd7 9. Nh3 h5 10. Nd2 Ne5 11. Nf4 h4 12. Qc2 Bd7 13. Nd3 Nxd3+ 14. exd3 Qa6 15.
Nc4 O-O-O 16. a3 f4 17. gxf4 Bh6 18. O-O-O Bxf4+ 19. Kb1 Rhg8 20. Bf3 Kb8 21.
Rde1 Bg5 22. Rhg1 Bf6 23. Ne3 Rxg1 24. Rxg1 Be5 25. h3 Bxh3 26. Rh1 Bd7 27.
Rxh4 Rg8 28. Rh1 b6 29. Be4 Qc8 30. Qe2 f5 31. Bf3 Bf6 32. Nc4 Rh8 33. Qf1 Rxh1
34. Qxh1 Qg8 35. Ne3 Qg5 36. Qg2 Qh4 37. Qg3 Kb7 38. Qxh4 Bxh4 39. Nd1 Kc7 40.
Kc2 b5 41. Bh5 f4 42. Bf3 Bh3 43. Kd2 Bf1 44. Be4 c4 45. d4 Kd8 46. Ke1 Bh3 47.
Ke2 Ke8 48. f3 Bc8 49. Nf2 Kd8 50. Ng4 Kc7 51. Nh2 Kd8 52. Nf1 Ke8 53. Nh2 Kf7
54. Ng4 Bg3 55. Kf1 Ke8 56. Ke2 Kd8 57. Nh6 Bh4 58. Bf5 Bb7 59. Be4 Kc7 60. Nf5
Bf6 61. Nh6 Kb6 62. Ng4 Bh4 63. Kd2 a5 64. Nh6 Bg5 65. Nf5 Bc8 66. Ng7 Bh4 67.
Ne6 Bg3 68. Bg6 Bd7 69. Be4 Be8 70. Ng7 Bd7 71. Nf5 Bxf5 72. Bxf5 a4 73. Bd7
Bf2 74. Kc2 Be3 75. Be8 Ka5 76. Bd7 Kb6 1/2-1/2

[Event "ESP tch Segunda División 2014"]
[Site "Linares ESP"]
[Date "2014.08.19"]
[Round "3.1"]
[White "Fernandez Torre, Ivan"]
[Black "Antoli Royo, Joaquin Miguel"]
[Result "0-1"]
[WhiteElo "2233"]
[BlackElo "2428"]
[PlyCount "106"]
[EventDate "2014.08.18"]
[EventType "team-swiss"]
[EventRounds "6"]
[EventCountry "ESP"]
[Source "lmi"]
[SourceDate "2014.08.18"]
[WhiteTeam "REAL GRUPO DE CULTURA COVADONGA"]
[BlackTeam "JAIME CASAS"]

1. e4 c5 2. Nf3 d6 3. d4 cxd4 4. Nxd4 Nf6 5. Nc3 Nc6 6. Bg5 Bd7 7. Qd2 Rc8 8.
f4 h6 9. Bh4 Qb6 10. Nb3 Nb4 11. Bf2 Qd8 12. Bd3 e6 13. a3 Nxd3+ 14. Qxd3 Bc6
15. O-O-O Be7 16. Qe2 Qc7 17. Nd4 O-O 18. Ndb5 Bxb5 19. Nxb5 Qc4 20. Qxc4 Rxc4
21. e5 dxe5 22. fxe5 Ne4 23. Be3 a6 24. Nd6 Bxd6 25. exd6 Rd8 26. b3 Rc6 27.
Rd4 Nc3 28. Kb2 Nd5 29. Bc1 Rcxd6 30. Rhd1 R6d7 31. c4 Nf6 32. Rxd7 Rxd7 33.
Rxd7 Nxd7 34. Kc3 e5 35. b4 f5 36. c5 Kf7 37. Kc4 Ke6 38. a4 g5 39. h4 gxh4 40.
Bxh6 f4 41. Bg5 f3 42. Bxh4 fxg2 43. Bf2 Nf6 44. Bg1 Ne4 45. Kd3 Ng5 46. b5
axb5 47. axb5 Kd5 48. c6 bxc6 49. b6 Kd6 50. Kc4 Nf3 51. Bc5+ Kd7 52. Kd3 Nd4
53. Ke4 Ke8 0-1

[Event "ESP tch Segunda División 2014"]
[Site "Linares ESP"]
[Date "2014.08.19"]
[Round "3.1"]
[White "Fontana Sotomayor, Luis Javier"]
[Black "Cenal Gutierrez, Ruben"]
[Result "1-0"]
[WhiteElo "2308"]
[BlackElo "2224"]
[PlyCount "47"]
[EventDate "2014.08.18"]
[EventType "team-swiss"]
[EventRounds "6"]
[EventCountry "ESP"]
[Source "lmi"]
[SourceDate "2014.08.18"]
[WhiteTeam "JAIME CASAS"]
[BlackTeam "REAL GRUPO DE CULTURA COVADONGA"]

1. d4 d5 2. Nf3 Nf6 3. e3 e6 4. Bd3 c5 5. b3 Nc6 6. Bb2 cxd4 7. exd4 Qc7 8. a3
Bd6 9. O-O O-O 10. Re1 Re8 11. Ne5 Bf8 12. f4 g6 13. Nd2 Bh6 14. g3 b6 15. Qe2
a5 16. Ndf3 Bb7 17. Rac1 Rac8 18. Bb5 Re7 19. c4 dxc4 20. Rxc4 Qd6 21. Nxc6
Bxc6 22. Qe5 Qd7 23. Rxc6 Rxc6 24. Qxf6 1-0

[Event "ESP tch Segunda División 2014"]
[Site "Linares ESP"]
[Date "2014.08.19"]
[Round "3.1"]
[White "Garza Marco, Sergio"]
[Black "Fidalgo Fernandez, Javier"]
[Result "1-0"]
[WhiteElo "2445"]
[BlackElo "2271"]
[PlyCount "128"]
[EventDate "2014.08.18"]
[EventType "team-swiss"]
[EventRounds "6"]
[EventCountry "ESP"]
[Source "lmi"]
[SourceDate "2014.08.18"]
[WhiteTeam "JAIME CASAS"]
[BlackTeam "REAL GRUPO DE CULTURA COVADONGA"]

1. b3 d5 2. Bb2 Nf6 3. e3 Bf5 4. Nf3 e6 5. c4 Be7 6. Be2 h6 7. cxd5 exd5 8. b4
O-O 9. a3 a5 10. b5 Nbd7 11. O-O a4 12. Nd4 Bh7 13. d3 Re8 14. Nd2 Bd6 15. Qc2
Nc5 16. Bc3 Nfd7 17. N2f3 g5 18. g3 Bg6 19. Rfd1 Qe7 20. Qa2 Nb6 21. Bb4 Ne6
22. Bxd6 cxd6 23. Nc2 g4 24. Nfd4 Qg5 25. Rac1 Nc5 26. Bf1 h5 27. Nb4 f6 28.
Re1 Bf7 29. Bg2 Rac8 30. Qb2 h4 31. gxh4 Qh5 32. Ne2 Qxh4 33. Qd4 Re5 34. Qf4
Ne6 35. Qg3 Qxg3 36. Rxc8+ Nxc8 37. hxg3 Nb6 38. Rc1 Kf8 39. Kf1 Ke8 40. d4 Rh5
41. Ke1 Kd8 42. Rc3 Be8 43. Nd3 Nc7 44. Ndf4 Rh2 45. Rc1 Rh7 46. Nc3 Bf7 47. e4
Rh8 48. Ncxd5 Ncxd5 49. exd5 Kd7 50. Kd2 Rc8 51. Rxc8 Nxc8 52. Kc3 Kc7 53. Kb4
Kb6 54. Ne2 Bg6 55. Nc3 Bd3 56. Nxa4+ Kc7 57. Nb2 Be2 58. a4 b6 59. Be4 Ne7 60.
Nc4 Bf1 61. Ne3 Be2 62. a5 bxa5+ 63. Kxa5 Kb7 64. Bf5 Bf1 1-0

[Event "ESP tch Segunda División 2014"]
[Site "Linares ESP"]
[Date "2014.08.19"]
[Round "3.2"]
[White "Cuenca Jimenez, Francisco Javier"]
[Black "Lopez Gonzalez, Daniel"]
[Result "1/2-1/2"]
[WhiteElo "2172"]
[BlackElo "2239"]
[PlyCount "154"]
[EventDate "2014.08.18"]
[EventType "team-swiss"]
[EventRounds "6"]
[EventCountry "ESP"]
[Source "lmi"]
[SourceDate "2014.08.18"]
[WhiteTeam "CLUB AJEDREZ NAZARI"]
[BlackTeam "ALEKHINE ESPARTINAS"]

1. c4 Nf6 2. g3 e6 3. Nf3 d5 4. b3 Be7 5. Bg2 O-O 6. O-O a5 7. Nc3 c6 8. d4 b6
9. Ne5 Bb7 10. e4 Bb4 11. Ne2 Nxe4 12. Bxe4 dxe4 13. c5 a4 14. a3 axb3 15. Qxb3
Ba5 16. Rd1 b5 17. Nf4 Qe7 18. Be3 Na6 19. Qb1 f6 20. Ng4 f5 21. Ne5 Nc7 22. a4
Rfb8 23. Qb3 Qe8 24. axb5 cxb5 25. Rdc1 Bc6 26. Nxe6 Nxe6 27. d5 Bxd5 28. Qxd5
Rd8 29. Qb7 Rab8 30. Qc6 Bc7 31. Qxe8+ Rxe8 32. Nc6 Rb7 33. Nb4 Be5 34. c6 Rbb8
35. Ra7 Nc7 36. Rd1 Red8 37. Rd7 Rdc8 38. Re7 Bd6 39. Nd5 Bxe7 40. Nxe7+ Kf8
41. Bc5 Ke8 42. Nxf5 g6 43. Nd6+ Kd8 44. Nxe4 b4 45. Nd6 b3 46. Nb7+ Ke8 47.
Nd6+ Kd8 48. Nb7+ Ke8 49. Ra3 b2 50. Rb3 Na6 51. Ba7 Rxc6 52. Rxb2 Rbc8 53. Na5
Rc1+ 54. Kg2 R1c2 55. Rb7 R2c7 56. Be3 Rxb7 57. Nxb7 Kd7 58. Na5 Nb4 59. Nb3
Ke6 60. Nd4+ Kd5 61. h4 Nc2 62. Nxc2 Rxc2 63. Bg5 Ke4 64. Be3 h5 65. Bg5 Re2
66. Bf4 Rc2 67. Be3 Kd3 68. Bf4 Ke2 69. Be3 Rc3 70. Bd4 Rf3 71. Bc5 Rc3 72. Bd4
Rf3 73. Bc5 Rf5 74. Be3 Kd3 75. Bg5 Ke2 76. Be3 Re5 77. Bf4 Re4 1/2-1/2

[Event "ESP tch Segunda División 2014"]
[Site "Linares ESP"]
[Date "2014.08.19"]
[Round "3.2"]
[White "Gutierrez Valero, Mario"]
[Black "Garcia Rodriguez, Victor"]
[Result "1-0"]
[WhiteElo "2198"]
[BlackElo "2179"]
[PlyCount "67"]
[EventDate "2014.08.18"]
[EventType "team-swiss"]
[EventRounds "6"]
[EventCountry "ESP"]
[Source "lmi"]
[SourceDate "2014.08.18"]
[WhiteTeam "ALEKHINE ESPARTINAS"]
[BlackTeam "CLUB AJEDREZ NAZARI"]

1. d4 Nf6 2. c4 e5 3. dxe5 Ng4 4. e3 Nxe5 5. Nh3 d6 6. Nf4 g5 7. Nh5 Bg4 8. Be2
Bxh5 9. Bxh5 Nbd7 10. O-O Qe7 11. f4 Ng6 12. Nc3 c6 13. Qd4 Rg8 14. Ne4 gxf4
15. exf4 O-O-O 16. f5 Nge5 17. f6 Qe6 18. Ng5 Rxg5 19. Bxg5 d5 20. cxd5 cxd5
21. Rac1+ Kb8 22. Kh1 Nc6 23. Qd3 Bd6 24. Qxh7 Nce5 25. Rce1 d4 26. Qf5 Rh8 27.
Qxe6 fxe6 28. g4 Rc8 29. Bf4 d3 30. f7 Nxf7 31. Bxf7 Bxf4 32. Rxf4 Ne5 33. Rxe5
d2 34. Rd4 1-0

[Event "ESP tch Segunda División 2014"]
[Site "Linares ESP"]
[Date "2014.08.19"]
[Round "3.2"]
[White "Ladron de Guevara Pinto, Paolo"]
[Black "Santos Ruiz, Miguel"]
[Result "1/2-1/2"]
[WhiteElo "2355"]
[BlackElo "2306"]
[PlyCount "100"]
[EventDate "2014.08.18"]
[EventType "team-swiss"]
[EventRounds "6"]
[EventCountry "ESP"]
[Source "lmi"]
[SourceDate "2014.08.18"]
[WhiteTeam "CLUB AJEDREZ NAZARI"]
[BlackTeam "ALEKHINE ESPARTINAS"]

1. e4 e6 2. d4 d5 3. Bd3 dxe4 4. Bxe4 Nf6 5. Bf3 Nc6 6. c3 Bd6 7. Bg5 O-O 8.
Ne2 Re8 9. Nd2 h6 10. Bxf6 Qxf6 11. Ne4 Qd8 12. Nxd6 cxd6 13. O-O Qb6 14. Qb3
Qc7 15. Rfe1 d5 16. Nc1 Bd7 17. Nd3 Na5 18. Qc2 Rac8 19. g3 Bb5 20. Ne5 Nc6 21.
Qd2 Nxe5 22. Rxe5 Bd7 23. g4 f6 24. Ree1 Bc6 25. Bg2 Rcd8 26. f4 e5 27. fxe5
fxe5 28. dxe5 Rxe5 29. Rxe5 Qxe5 30. Re1 Qf6 31. Qd4 Qxd4+ 32. cxd4 Rf8 33. Re5
Rf4 34. Bxd5+ Bxd5 35. Rxd5 Rxg4+ 36. Kf2 Rf4+ 37. Ke3 Rh4 38. Rd7 Rxh2 39.
Rxb7 h5 40. d5 Kf8 41. d6 Ke8 42. Kf4 a6 43. a4 Rh4+ 44. Kf5 Rxa4 45. Rxg7 Rb4
46. Ke6 Re4+ 47. Kd5 Rb4 48. Kc6 Rc4+ 49. Kb7 Kd8 50. b3 Rc3 1/2-1/2

[Event "ESP tch Segunda División 2014"]
[Site "Linares ESP"]
[Date "2014.08.19"]
[Round "3.3"]
[White "Capel Fernandez, Manuel"]
[Black "Tudela Corbalan, Carlos"]
[Result "1-0"]
[WhiteElo "1894"]
[BlackElo "2189"]
[PlyCount "77"]
[EventDate "2014.08.18"]
[EventType "team-swiss"]
[EventRounds "6"]
[EventCountry "ESP"]
[Source "lmi"]
[SourceDate "2014.08.18"]
[WhiteTeam "REVERTE ALBOX"]
[BlackTeam "INTERNATIONAL TOTANA CHESS CLUB"]

1. e4 g6 2. d4 Bg7 3. Nc3 d6 4. Be3 Nd7 5. Qd2 a6 6. h4 Ngf6 7. f3 b5 8. O-O-O
Bb7 9. a3 c5 10. dxc5 dxc5 11. g4 h6 12. Nh3 Qc7 13. g5 hxg5 14. Nxg5 Ne5 15.
Qf2 b4 16. Nb1 Rc8 17. Rg1 a5 18. Be2 c4 19. Bb6 Qc6 20. Bd4 Qb5 21. a4 Qxa4
22. Bxe5 c3 23. bxc3 O-O 24. Qd4 Qa2 25. Rd2 bxc3 26. Nxc3 Qa3+ 27. Kb1 Nxe4
28. Ngxe4 Bxe5 29. Qxe5 Bxe4 30. Qxe4 Qxc3 31. Rd5 Rb8+ 32. Bb5 Rb6 33. Rgg5
Rfb8 34. Ka2 e6 35. Rc5 Qf6 36. h5 Qe7 37. hxg6 f6 38. Rh5 Qd6 39. Qh4 1-0

[Event "ESP tch Segunda División 2014"]
[Site "Linares ESP"]
[Date "2014.08.19"]
[Round "3.3"]
[White "Ibarra Jerez, Juan Miguel"]
[Black "Rubio Tapia, Jose Juan"]
[Result "1-0"]
[WhiteElo "2249"]
[BlackElo "2060"]
[PlyCount "208"]
[EventDate "2014.08.18"]
[EventType "team-swiss"]
[EventRounds "6"]
[EventCountry "ESP"]
[Source "lmi"]
[SourceDate "2014.08.18"]
[WhiteTeam "INTERNATIONAL TOTANA CHESS CLUB"]
[BlackTeam "REVERTE ALBOX"]

1. g3 Nf6 2. Bg2 e6 3. Nf3 c5 4. O-O Be7 5. c4 O-O 6. Nc3 Nc6 7. d4 d5 8. dxc5
dxc4 9. Qa4 Qa5 10. Qxc4 Qxc5 11. Qb3 Na5 12. Qc2 Nd5 13. Bd2 Rd8 14. Rac1 Nb4
15. Qb1 Nc4 16. Bf4 e5 17. Ne4 Qb5 18. a4 Qa6 19. Nxe5 Be6 20. Nxc4 Bxc4 21.
Nc3 Bf6 22. b3 Bd5 23. Nxd5 Nxd5 24. Rc4 Nxf4 25. gxf4 Rac8 26. Rfc1 Rxc4 27.
Rxc4 Qe6 28. Qc2 b5 29. axb5 Bd4 30. e3 Bb6 31. Bf3 Qh3 32. Qe2 Qf5 33. Re4 g6
34. Kg2 Qc5 35. Qc4 Qd6 36. Qc3 Qd7 37. Qc6 Kg7 38. Re5 f6 39. Re6 Qxc6 40.
bxc6 Kf7 41. Re4 Rd2 42. Rc4 Bc7 43. Ra4 Bb6 44. c7 Rc2 45. Bd5+ Ke7 46. Re4+
Kd7 47. Bg8 Kxc7 48. Bxh7 g5 49. Re7+ Kd8 50. fxg5 Rxf2+ 51. Kxf2 Kxe7 52.
gxf6+ Kxf6 53. h4 Bc5 54. Kf3 Ke5 55. Bg8 Kf5 56. e4+ Ke5 57. Bd5 Be7 58. Kg4
Bd8 59. h5 Kf6 60. Bc6 Ba5 61. Be8 Bd2 62. Bc6 Ke5 63. Bd5 Kf6 64. Kf3 Ke5 65.
Ke2 Bg5 66. Kd3 Bf4 67. Kc4 Be3 68. Kb5 Kf6 69. Kc6 Bf4 70. b4 Bd2 71. b5 Bf4
72. Bg8 Kg7 73. Be6 Kf6 74. Bf5 Kg5 75. Kb7 Be3 76. Bg6 Kf6 77. Be8 Ke5 78. Bc6
Kf6 79. Be8 Ke5 80. Bg6 Kf6 81. Kc6 Ke6 82. Bf5+ Ke5 83. Kb7 Kf6 84. h6 Bxh6
85. Kxa7 Be3+ 86. Kb7 Ke5 87. Kc7 Kf6 88. Kc6 Bb6 89. Bg6 Bd4 90. Kd6 Bb6 91.
Kc6 Bd4 92. Bf5 Be3 93. Kd5 Bf4 94. Bg6 Be3 95. Kc6 Ke5 96. Bf5 Kf6 97. Bg6 Ke5
98. Kd7 Kf6 99. Ke8 Bh6 100. Bf7 Ke5 101. Ke7 Kxe4 102. Be8 Be3 103. Kd6 Bh6
104. b6 Be3 1-0

[Event "ESP tch Segunda División 2014"]
[Site "Linares ESP"]
[Date "2014.08.19"]
[Round "3.3"]
[White "Jimenez Villena, Francisco Jose"]
[Black "Perez Beltran, Jose Maria"]
[Result "1/2-1/2"]
[WhiteElo "2126"]
[BlackElo "1697"]
[PlyCount "80"]
[EventDate "2014.08.18"]
[EventType "team-swiss"]
[EventRounds "6"]
[EventCountry "ESP"]
[Source "lmi"]
[SourceDate "2014.08.18"]
[WhiteTeam "INTERNATIONAL TOTANA CHESS CLUB"]
[BlackTeam "REVERTE ALBOX"]

1. Nf3 Nf6 2. g3 d6 3. d4 g6 4. b3 Bg7 5. Bb2 O-O 6. Bg2 c5 7. O-O Nbd7 8. c4
Rb8 9. Nc3 a6 10. a4 cxd4 11. Nxd4 Ne5 12. h3 Bd7 13. Nd5 Bc6 14. Qd2 Ne8 15.
Rfd1 Nc7 16. f4 Nd7 17. Nxc6 bxc6 18. Bxg7 Kxg7 19. Nb4 Qe8 20. Qc3+ Nf6 21.
Bxc6 Qc8 22. Bg2 Qe6 23. Nc6 Rbc8 24. g4 Kg8 25. Nd4 Qd7 26. Bc6 Qd8 27. Bb7
Rb8 28. Bg2 Ne6 29. e3 Qb6 30. Nc6 Rb7 31. a5 Qxb3 32. Nxe7+ Kg7 33. Qxb3 Rxb3
34. f5 Nc5 35. Rxd6 Rxe3 36. Nd5 Nxd5 37. Rxd5 Rc8 38. Rf1 f6 39. Rb1 Ra3 40.
Re1 Rc7 1/2-1/2

[Event "ESP tch Segunda División 2014"]
[Site "Linares ESP"]
[Date "2014.08.19"]
[Round "3.3"]
[White "Ortiz Aviles, Javier"]
[Black "Ibarra Jerez, Jose Carlos"]
[Result "0-1"]
[WhiteElo "2071"]
[BlackElo "2521"]
[PlyCount "66"]
[EventDate "2014.08.18"]
[EventType "team-swiss"]
[EventRounds "6"]
[EventCountry "ESP"]
[Source "lmi"]
[SourceDate "2014.08.18"]
[WhiteTeam "REVERTE ALBOX"]
[BlackTeam "INTERNATIONAL TOTANA CHESS CLUB"]

1. d4 Nf6 2. Nf3 g6 3. Bf4 Bg7 4. h3 O-O 5. e3 d6 6. Be2 c5 7. c3 Be6 8. Nbd2
Qb6 9. Qb1 Nc6 10. O-O Rac8 11. Rd1 cxd4 12. exd4 Nd5 13. Bg3 Bf5 14. Qc1 Na5
15. Nh4 Bd7 16. Qb1 Bh6 17. Bg4 e6 18. Bf3 Ba4 19. Bxd5 Bxd1 20. Ne4 exd5 21.
Nf6+ Kg7 22. Nd7 Qd8 23. Nxf8 Ba4 24. Nf5+ gxf5 25. Qxf5 Qxf8 26. Qxd5 Nc4 27.
b3 Nb6 28. Qxb7 Bc6 29. Qxa7 Nd5 30. Qa3 Nxc3 31. Bxd6 Qe8 32. Be7 Qd7 33. Qc5
Ne4 0-1

[Event "ESP tch Segunda División 2014"]
[Site "Linares ESP"]
[Date "2014.08.19"]
[Round "3.4"]
[White "Fernandez Borrego, Pablo"]
[Black "Suarez Gomez, Julio"]
[Result "1/2-1/2"]
[WhiteElo "2343"]
[BlackElo "2294"]
[PlyCount "78"]
[EventDate "2014.08.18"]
[EventType "team-swiss"]
[EventRounds "6"]
[EventCountry "ESP"]
[Source "lmi"]
[SourceDate "2014.08.18"]
[WhiteTeam "CIRCULO FERROLANO DE AJEDREZ"]
[BlackTeam "CLUB XADREZ FONTECARMOA"]

1. e4 e6 2. d4 d5 3. Nd2 a6 4. Ngf3 c5 5. exd5 exd5 6. c3 Nc6 7. dxc5 Bxc5 8.
Nb3 Ba7 9. Nfd4 Nf6 10. Qe2+ Ne7 11. Bg5 Qd6 12. g3 O-O 13. Bg2 Bg4 14. Qc2 h6
15. Bf4 Qd7 16. f3 Bh5 17. g4 Rfe8 18. O-O Bg6 19. Qd2 Nc6 20. Rfe1 Rxe1+ 21.
Rxe1 a5 22. Kh1 a4 23. Nxc6 bxc6 24. Nd4 c5 25. Nc2 d4 26. Be5 Nd5 27. f4 Bxc2
28. c4 Re8 29. Bxd5 Bh7 30. f5 Bb8 31. Bxb8 Rxb8 32. Qa5 Re8 33. Rxe8+ Qxe8 34.
Qxc5 Qe1+ 35. Kg2 Qe2+ 36. Kg3 Qe1+ 37. Kg2 Qe2+ 38. Kg3 Qe1+ 39. Kg2 Qe2+
1/2-1/2

[Event "ESP tch Segunda División 2014"]
[Site "Linares ESP"]
[Date "2014.08.19"]
[Round "3.4"]
[White "Gonzalez Diaz, Julio"]
[Black "Pazos Porta, Antonio"]
[Result "1/2-1/2"]
[WhiteElo "2286"]
[BlackElo "2313"]
[PlyCount "141"]
[EventDate "2014.08.18"]
[EventType "team-swiss"]
[EventRounds "6"]
[EventCountry "ESP"]
[Source "lmi"]
[SourceDate "2014.08.18"]
[WhiteTeam "CLUB XADREZ FONTECARMOA"]
[BlackTeam "CIRCULO FERROLANO DE AJEDREZ"]

1. c4 g6 2. g3 Bg7 3. Bg2 d6 4. Nc3 Nc6 5. Rb1 a6 6. d3 e5 7. e3 Be6 8. Nge2
Rb8 9. b4 f5 10. Nd5 Nf6 11. O-O O-O 12. a4 Ne7 13. Nec3 c6 14. Nxe7+ Qxe7 15.
b5 axb5 16. axb5 d5 17. cxd5 Nxd5 18. Nxd5 cxd5 19. d4 e4 20. Qb3 Qf7 21. Ba3
Rfd8 22. Rfc1 g5 23. b6 Rbc8 24. Qb2 Bf8 25. Bxf8 Kxf8 26. Rc5 Rxc5 27. dxc5
Rc8 28. Rc1 Qg7 29. Qxg7+ Kxg7 30. c6 bxc6 31. b7 Rb8 32. Rxc6 Kf6 33. Rc7 d4
34. exd4 Bd5 35. Rxh7 Rxb7 36. Rxb7 Bxb7 37. Bf1 Ke6 38. Bc4+ Bd5 39. Ba6 f4
40. Bc8+ Kf6 41. Kf1 Kg6 42. Ke2 Kf6 43. Kd2 Kg6 44. Bg4 Kf6 45. Bd7 Ke7 46.
Bc8 Kd6 47. Bg4 Bb7 48. gxf4 gxf4 49. h4 Ke7 50. Kc3 Kf6 51. Kb4 Ba6 52. Kc3
Bb7 53. Kc2 Bc6 54. Kd2 Bd5 55. Kc3 Bb7 56. Bd7 Kg6 57. Be8+ Kf5 58. Bd7+ Kg6
59. Be8+ Kf5 60. h5 Kg5 61. Bg6 Bd5 62. Kd2 Kh6 63. Kc2 Kg5 64. Kc3 Kh6 65. Kb4
Kg5 66. Kc5 e3 67. fxe3 fxe3 68. Bd3 Bf3 69. d5 e2 70. Bxe2 Bxe2 71. Kd4
1/2-1/2

[Event "ESP tch Segunda División 2014"]
[Site "Linares ESP"]
[Date "2014.08.19"]
[Round "3.4"]
[White "Perez Mauricio, Xoel"]
[Black "Abal Cores, Lucas"]
[Result "0-1"]
[WhiteElo "2226"]
[BlackElo "2130"]
[PlyCount "111"]
[EventDate "2014.08.18"]
[EventType "team-swiss"]
[EventRounds "6"]
[EventCountry "ESP"]
[Source "lmi"]
[SourceDate "2014.08.18"]
[WhiteTeam "CIRCULO FERROLANO DE AJEDREZ"]
[BlackTeam "CLUB XADREZ FONTECARMOA"]

1. Nf3 Nf6 2. c4 e6 3. g3 b6 4. Bg2 Bb7 5. O-O Be7 6. Nc3 c5 7. b3 O-O 8. Bb2
d6 9. e3 Nbd7 10. Qe2 Qc7 11. Rac1 Rac8 12. Rfd1 Qb8 13. d4 Qa8 14. Nh4 cxd4
15. exd4 d5 16. Nf5 exf5 17. Qxe7 dxc4 18. Bxb7 Qxb7 19. d5 Rfe8 20. Qb4 a5 21.
Qa3 cxb3 22. Qxb3 Nc5 23. Qb5 Nfd7 24. Qf1 Ne5 25. h3 f4 26. gxf4 Nf3+ 27. Kh1
Qd7 28. Qg2 Nh4 29. Qg4 Qxg4 30. hxg4 Ng6 31. d6 Rcd8 32. Nd5 Ne4 33. Kg1 Nxd6
34. f5 Nh4 35. Nxb6 h5 36. gxh5 Nhxf5 37. Ba3 Ne4 38. Rxd8 Rxd8 39. Rc8 Rxc8
40. Nxc8 Nc3 41. Nb6 Nxa2 42. Nc4 a4 43. Nb6 Nc3 44. Bb2 Nd4 45. Nxa4 Nde2+ 46.
Kf1 Nxa4 47. Be5 Nec3 48. Kg2 Nd5 49. Kf3 Nc5 50. Kg4 Kh7 51. f4 Kh6 52. f5
Ne3+ 53. Kf4 Nd3+ 54. Kxe3 Nxe5 55. f6 Ng4+ 56. Kd4 0-1

[Event "ESP tch Segunda División 2014"]
[Site "Linares ESP"]
[Date "2014.08.19"]
[Round "3.4"]
[White "Segura Santos, Luis"]
[Black "Mejuto de Ulloa, Jorge"]
[Result "0-1"]
[WhiteElo "2035"]
[BlackElo "2112"]
[PlyCount "166"]
[EventDate "2014.08.18"]
[EventType "team-swiss"]
[EventRounds "6"]
[EventCountry "ESP"]
[Source "lmi"]
[SourceDate "2014.08.18"]
[WhiteTeam "CLUB XADREZ FONTECARMOA"]
[BlackTeam "CIRCULO FERROLANO DE AJEDREZ"]

1. e4 e6 2. d3 d5 3. Nd2 Nf6 4. Ngf3 c5 5. g3 Nc6 6. Bg2 Be7 7. O-O b5 8. Re1
O-O 9. e5 Nd7 10. Nf1 a5 11. h4 b4 12. N1h2 a4 13. a3 bxa3 14. bxa3 Rb8 15. Ng4
Ba6 16. h5 c4 17. h6 g6 18. d4 Na7 19. Qd2 Nb5 20. c3 Na7 21. Qc2 Rb3 22. Nd2
Nc6 23. Nxb3 cxb3 24. Qd2 Na5 25. Bb2 Nb6 26. Ne3 Bg5 27. f4 Bxh6 28. Bf1 Bxf1
29. Rxf1 Nbc4 30. Nxc4 Nxc4 31. Qh2 Bg7 32. Rf3 h5 33. g4 hxg4 34. Rg3 Qe7 35.
Rxg4 Rc8 36. Rg3 Kf8 37. Re1 Rc6 38. Qg2 Rb6 39. Rb1 Qh4 40. Rg4 Qh5 41. Rg5
Qh4 42. Rg4 Qe7 43. Rg3 Qd8 44. Re1 Qh4 45. Rf1 Nxb2 46. Rh3 Qxh3 47. Qxh3 Nc4
48. Qh4 Ke8 49. f5 gxf5 50. Qf2 b2 51. Rb1 Bf8 52. Qc2 Rb3 53. Qg2 Bxa3 54. Qe2
Bf8 55. Qc2 Be7 56. Kf2 Na3 57. Qxb3 axb3 58. Rxb2 Nc4 59. Rxb3 Bg5 60. Ke2 Bd2
61. Kd3 f4 62. Rb4 Be3 63. Ke2 Kf8 64. Rb1 Kg7 65. Rb4 Kg6 66. Rb7 f6 67. exf6
Kxf6 68. Rb8 Nd6 69. Kd3 Nc4 70. Rf8+ Ke7 71. Rc8 e5 72. dxe5 Nxe5+ 73. Ke2 Bg1
74. Kf1 Bb6 75. Rb8 Bc7 76. Rh8 f3 77. Rh6 Ba5 78. Rh7+ Kd6 79. Rh6+ Kc5 80.
Rh5 Bxc3 81. Kf2 Bd4+ 82. Kg3 f2 83. Rf5 Nc4 0-1

[Event "ESP tch Segunda División 2014"]
[Site "Linares ESP"]
[Date "2014.08.19"]
[Round "3.5"]
[White "Fernandez Diaz, Ignacio"]
[Black "Espinosa Aranda, Angel"]
[Result "0-1"]
[WhiteElo "2004"]
[BlackElo "2385"]
[PlyCount "78"]
[EventDate "2014.08.18"]
[EventType "team-swiss"]
[EventRounds "6"]
[EventCountry "ESP"]
[Source "lmi"]
[SourceDate "2014.08.18"]
[WhiteTeam "GRUPO 64"]
[BlackTeam "64 VILLALBA"]

1. d4 e6 2. c4 Nf6 3. Nc3 Bb4 4. e3 O-O 5. Nge2 d5 6. a3 Be7 7. cxd5 exd5 8.
Nf4 c6 9. Bd3 Nbd7 10. O-O Re8 11. f3 Nf8 12. Bc2 Ne6 13. Nd3 a5 14. Ne5 c5 15.
Rb1 Qb6 16. Ba4 Rd8 17. Nb5 Bd7 18. Nxd7 Nxd7 19. Re1 Bf6 20. Bd2 cxd4 21. exd4
Bxd4+ 22. Nxd4 Qxd4+ 23. Be3 Qxd1 24. Rexd1 Ndc5 25. Bb5 a4 26. Bf2 h6 27. Rbc1
d4 28. Be1 b6 29. Bb4 d3 30. Rc3 Rd4 31. Rc4 Rd6 32. Kf2 g6 33. Rc3 Rad8 34.
Rc4 d2 35. Kf1 Kh7 36. Bxa4 Nxa4 37. Bxd6 Nxb2 38. Be7 Nxd1 39. Bxd8 Ne3+ 0-1

[Event "ESP tch Segunda División 2014"]
[Site "Linares ESP"]
[Date "2014.08.19"]
[Round "3.5"]
[White "Moreno Trujillo, Alejandro"]
[Black "Vinuela Diaz, S."]
[Result "1-0"]
[WhiteElo "2525"]
[BlackElo "2145"]
[PlyCount "49"]
[EventDate "2014.08.18"]
[EventType "team-swiss"]
[EventRounds "6"]
[EventCountry "ESP"]
[Source "lmi"]
[SourceDate "2014.08.18"]
[WhiteTeam "64 VILLALBA"]
[BlackTeam "GRUPO 64"]

1. d4 d5 2. c4 Nc6 3. cxd5 Qxd5 4. e3 e5 5. Nc3 Bb4 6. Bd2 Bxc3 7. bxc3 Nf6 8.
f3 O-O 9. Bd3 exd4 10. cxd4 Re8 11. Ne2 Bf5 12. Bxf5 Qxf5 13. Qb1 Qd7 14. O-O
Nd5 15. Qb3 Rad8 16. e4 Nb6 17. Bc3 Kh8 18. Rad1 f5 19. Ng3 Ne7 20. Ba1 Qa4 21.
Qb2 Qc6 22. Rc1 Qd7 23. d5 Rg8 24. Nh5 Na4 25. Qe5 1-0

[Event "ESP tch Segunda División 2014"]
[Site "Linares ESP"]
[Date "2014.08.19"]
[Round "3.5"]
[White "Runza Rodriguez, David"]
[Black "Lopez del Alamo, Antonio"]
[Result "0-1"]
[WhiteElo "1761"]
[BlackElo "2275"]
[PlyCount "67"]
[EventDate "2014.08.18"]
[EventType "team-swiss"]
[EventRounds "6"]
[EventCountry "ESP"]
[Source "lmi"]
[SourceDate "2014.08.18"]
[WhiteTeam "GRUPO 64"]
[BlackTeam "64 VILLALBA"]

1. e4 c5 2. Nf3 e6 3. d4 cxd4 4. Nxd4 Nf6 5. Nc3 Nc6 6. Be3 Bb4 7. f3 d5 8.
Nxc6 bxc6 9. e5 Nd7 10. f4 Nc5 11. a3 Bxc3+ 12. bxc3 Qa5 13. Bd2 Ba6 14. Be2
Ne4 15. Bxa6 Qxa6 16. Qe2 Qa4 17. Qd3 c5 18. c4 Nxd2 19. Qxd2 Qxc4 20. Kf2 O-O
21. Rhb1 f6 22. Kg1 fxe5 23. fxe5 Rf5 24. Re1 Raf8 25. Re2 d4 26. h3 Qd5 27.
Rae1 Rf4 28. Rd1 h5 29. Rde1 h4 30. Rd1 R8f5 31. Rde1 Kh8 32. Qa5 Rf7 33. Qd2
Qd8 34. Qd1 0-1